000
00242nam a2200097Ia 4500
001
782462
005
20250826170204.0
008
250824s9999 xx 000 0 und d
245
0
_a
DÖRT KARDEŞTİLER
_c
GÜLTEN DAYIOĞLU
260
_b
ALTIN KİTAP
999
_c
782462
_d
782462